000
00309nam a22001337a 4500
999
_c
533127
_d
533127
003
NUST
038
_a
waseem
082
_a
341
_b
TAN
100
_a
Tandon, L.N.
_9
26849
245
_a
International Law /
_c
L.N. Tandon
260
_a
Lahore :
_b
Mansoor Book House,
_c
2015.
300
_a
768 p. ;
942
_2
ddc
_c
BK